| Поле | Инд. | ПП | Название | Значение |
|---|---|---|---|---|
| Тип записи | a | |||
| Библиографический уровень | m | |||
| 001 | Контрольный номер | 3ce7fbb7c56e4b7d83feb0af9340add2 | ||
| 005 | Дата корректировки | 20240628123956.0 | ||
| 020 | a | ISBN | 978-5-16-010887-2 | |
| 040 | a | Служба первич. каталог. | 10013504 | |
| b | Код языка каталог. | rus | ||
| e | Правила каталог. | PSBO | ||
| 041 | 0_ | a | Код языка текста | rus |
| 080 | a | Индекс УДК | 621.9.06(075.8) | |
| 090 | r | Идентификатор организации | 10013504 | |
| a | Полочн. индекс | 621.91(075) | ||
| x | Авторский знак | В 313 | ||
| 100 | 1_ | a | Автор | Вереина Л.И. |
| 245 | 10 | a | Заглавие | Металлообрабатывающие станки |
| b | Продолж. заглавия | учебник для вузов по направлениям подготовки 15.03.01 "Машиностроение", 15.03.02 "Технолог. машины и оборудование" (квалификация (степень) "бакалавр") | ||
| 260 | a | Место издания | Москва | |
| b | Издательство | ИНФРА-М | ||
| c | Дата издания | 2017 | ||
| 300 | a | Объем | 439, [1] с. | |
| b | Иллюстрации/ тип воспроизводства | ил. | ||
| 440 | _0 | a | Серия | Высшее образование - бакалавриат |
| 504 | a | Библиография | Библиогр.: с. 433-436 (64 назв.) | |
| 520 | 0_ | a | Аннотация | Изложены общие сведения о металлообрабатывающих станках, классификация металлообрабатывающих станков, основные критерии оценки работоспособности станка; описаны типовые детали и узлы (в том числе мехатронные); приведены проектные расчеты. Рассмотрены устройства и кинематические схемы универсальных и специализированных станков с ручным управлением, токарных автоматов и полуавтоматов, станков электрофизикохимической (ЭФХ) обработки, а также современных станков с числовым программным правлением (ЧПУ). Описаны многоцелевые станки для обработки корпусных заготовок и тел вращения горизонтальной и вертикальной компоновки с противошпинделем, устройства автоматической смены инструмента и автооператоры. Приведены основные сведения об эксплуатации металлообрабатывающих станков. транспортирование, установка на фундамент, испытания, ремонт и техническое обслуживание. Для студентов вузов машиностроительного профиля. Учебник может быть использован студентами среднего профессионального образования машиностроительных предприятий, а также полезен для практических работников. |
| 650 | 04 | a | Основная рубрика | Металлорежущие станки |
| v | Типовое деление | учебники и пособия | ||
| 653 | 0_ | a | Ключевые слова | ТЕХНОЛОГИЯ МАШИНОСТРОЕНИЯ; ОБРАБОТКА МЕТАЛЛОВ; ОБРАБОТКА МЕТАЛЛОВ РЕЗАНИЕМ; МЕТАЛЛОРЕЖУЩИЕ СТАНКИ |
| 900 | a | Имя макрообъекта | обложка.Металлообрабатывающие станки , . Л.И. Вереина. 2017 | |
| 901 | t | Тип документа | m | |
| 952 | a | Тип литературы для КСУ ВШ | КУчР | |
| c | Вид литературы | учебник | ||
| h | Направление | 15.03.01 Машиностроение | ||
| h | Направление | 15.03.02 Технологические машины и оборудование |